| 000 | 00954njm a2200301 c 4500 | ||
|---|---|---|---|
| 003 | BLK | ||
| 005 | 20180421002324.0 | ||
| 008 | 180410b bul||n||s|||||||| n|bulo| | ||
| 010 | _aCDD00000867000 | ||
| 040 | _aBLK | ||
| 041 |
_aDEU _cDEU |
||
| 080 |
_aДруги видове песни. - Естрада, джаз. Стари градски. Рок-и попмузика. Чалга(поп-фолк) _b784.7 _x _z784.7 |
||
| 700 | 1 |
_aFox, Peter _eизп. _9353980 |
|
| 139 |
_aFox, Peter _bF 83 |
||
| 245 | 1 | 0 |
_aStadtaffe [CD аудио] _cизп. Peter Fox. |
| 257 | _aDEU | ||
| 260 |
_аS. l. _bWarner Music Group _c2008 |
||
| 300 |
_c12 cm. _fбр. в к-т _g1 CD |
||
| 306 | _a42мин. 48сек. | ||
| 380 | _a7 | ||
| 653 | _aрокмузика | ||
| 653 | _aпопмузика | ||
| 852 |
_aЦб CD 2435 _p0 |
||
| 856 | 4 |
_qpdf _u |
|
| 856 | 4 |
_qpdf _u |
|
| 942 |
_cCDD _n0 |
||
| 944 |
_aCR _c05.01.2010 _kТеодора_Стоянова |
||
| 944 |
_aED _c05.01.2010 _k |
||
| 999 |
_c217739 _d217739 |
||